000 00326nam a22001457a 4500
003 SGT
082 _a610.72
_bI10M
100 _aMAKHIJA, NEELAM
245 _aINTRODUCTION TO NURSING RESEARCH
250 _a1ST
260 _aINDIA
_bA.P. JAIN PUB
_c2015
300 _a190
650 _aNURSING RESEARCH
942 _2ddc
_cBK
999 _c20143
_d20143